000 01127cam a2200337 i 4500
001 0000430
003 DO-SdBNP
005 20230302112747.0
007 0000430
008 100514s2010 mx ||| 000 f spa
015 _a
017 _a
_b
020 _a9786071106049
035 _a
040 _aBPMSU
_bspa
_cBPMSU
_e
080 _a
082 4 _aA866.6
_bC827c 2010
_2 22
100 1 _aCortázar, Julio
_d1914-1984
245 1 0 _aCartas a los Jonquiéres /
_cJulio Cortazar ; edición Aurora Bernádez ; prólogo Carles Álvarez Garriga
_h
260 _aMéxico:
_bAlfaguara,
_c2010.
300 _a568 p.:
_c25 cm
500 _aIncluye datos biográficos del autor en la solapa de la cubierta
590 _6Inventariado, 2023/VM
600 1 4 _aCortázar, Julio
_d1914-1984
_vCorrespondencia, memorias, etc.
600 1 4 _aJonquières Eduardo
_d1918 - 2000
_vCorrespondencia, memorias, etc.
650 4 _aAutores argentinos
_ySiglo XX
_xCorrespondencia.
700 1 _aBernárdez, Aurora
_eed.
700 1 _aÁlvarez Garriga, Carles
_epról.
910 _aVMateo V. Control de calidad (BPMSU)
942 _2ddc
_cBK
999 _c10510
_d10510